New Zealand National Public Holidays - Statistics

General Stats
  • This quiz has been taken 13 times
  • The average score is 8 of 10
Answer Stats
date holiday % Correct
26 December Boxing Day
100%
25 December Christmas Day
100%
1 January New Year's Day
92%
Friday before Easter Sunday Good Friday
85%
6 February Waitangi Day
77%
25 April Anzac Day
69%
Monday after Easter Sunday Easter Monday
69%
4th Monday in October Labour Day
62%
1st Monday in June Queen's Birthday
62%
2 January Day after New Year's Day
46%
No matching quizzes found
Score Distribution
Percent of People with Each Score
Percentile by Number Answered
Your Score History
You have not taken this quiz